Ładuje się......
Ethirelpe /
| 1. autor: | |
|---|---|
| Język: | Undetermined |
| Wydane: |
1965
|
| LEADER | 00518nam a2200133Ia 4500 | ||
|---|---|---|---|
| 001 | 61334 | ||
| 008 | 170722s9999 xx 000 0 und d | ||
| 100 | |a Anandakuttan | ||
| 245 | |a Ethirelpe / | ||
| 260 | |c 1965 | ||
| 942 | |c GEN | ||
| 999 | |c 5552 |d 5552 | ||
| 952 | |0 0 |1 0 |4 0 |6 03231N20X_K0K02_CR_KRG |7 0 |9 6338 |a LIB |b LIB |d 2017-08-12 |o 032,31N20x K0-K0;2 (CR) (KRG) |p 134732 |r 2017-08-12 |w 2017-08-12 |y GEN | ||
| 952 | |0 1 |1 0 |4 0 |6 03231N20X_K0K02_CR_KRG |7 0 |9 6339 |a LIB |b LIB |d 2017-08-12 |o 032,31N20x K0-K0;2 (CR) (KRG) |p 184395 |r 2017-08-12 |w 2017-08-12 |y GEN | ||